000 00294nam a2200109Ia 4500
008 220204s9999 xx 000 0 und d
082 _a631(038)
_bTRI.1
245 0 _aKrishi sabdavali. V 1.
260 _aTrivandrum
_bState Inst of Languages
_c1969
650 _aAgricultural glossary
942 _cBK
999 _c21456
_d21456